[Event "Bucharest Romgaz op 2nd"]
[Site "Bucharest"]
[Date "2008.09.11"]
[Round "1"]
[White "Zinchenko, Yaroslav"]
[Black "Adoamnei, Roxana Antonela"]
[Result "1-0"]
[WhiteElo "2523"]
[BlackElo "2005"]
[PlyCount "59"]
[EventDate "2008.09.11"]
[EventType "swiss"]
[EventRounds "9"]
[EventCountry "ROU"]
[SourceTitle "CBM 126 Extra"]
[Source "ChessBase"]
[SourceDate "2008.11.05"]
[SourceVersion "1"]
[SourceVersionDate "2008.11.05"]
[SourceQuality "1"]

1. e4 c6 2. d4 d5 3. exd5 cxd5 4. c4 Nf6 5. Nc3 g6 6. Qb3 Bg7 7. cxd5 0-0 8. Nge2 Nbd7 9. g3 Nb6 10. Bg2 h6 11. 0-0 Bf5 12. a4 Qd7 13. d6 Be6 14. d5 Nfxd5 15. Nxd5 Qxd6 16. Nef4 Bxd5 17. Nxd5 Nxd5 18. Qxd5 Qxd5 19. Bxd5 Rab8 20. Be3 b6 21. Rac1 e6 22. Bf3 Bxb2 23. Rc7 a5 24. Rb1 Be5 25. Ra7 Bc3 26. Rxb6 h5 27. Rc6 Rb1+ 28. Kg2 Bb4 29. Rcc7 Ra1 30. Bh6 1-0

[Event "ROM-ch (Women)"]
[Site "Napoca"]
[Date "2008.02.25"]
[Round "4"]
[White "Adoamnei, Roxana Antonela"]
[Black "Craciun, Paula Iulia"]
[Result "1/2-1/2"]
[WhiteElo "2023"]
[BlackElo "2158"]
[PlyCount "90"]
[EventDate "2008.02.25"]
[EventType "swiss"]
[EventRounds "9"]
[EventCountry "ROU"]
[SourceTitle "CBM 123 Extra"]
[Source "ChessBase"]
[SourceDate "2008.05.06"]
[SourceVersion "1"]
[SourceVersionDate "2008.05.06"]
[SourceQuality "1"]

1. d4 d5 2. Nf3 c6 3. e3 Bf5 4. Bd3 e6 5. 0-0 Nd7 6. b3 Ngf6 7. Bb2 Bd6 8. Qe2 Ne4 9. Nfd2 Qh4 10. g3 Qg5 11. f4 Qg6 12. Nf3 Be7 13. Bxe4 Bxe4 14. c4 Bd3 15. Qd2 Bxf1 16. Kxf1 h5 17. Nc3 h4 18. Ne2 Qg4 19. Nfg1 Nf6 20. h3 Qg6 21. g4 Nxg4 22. hxg4 Qxg4 23. Nc3 Qg3 24. Qf2 Qxf2+ 25. Kxf2 f6 26. Nh3 g5 27. Rg1 Rg8 28. Kf3 Kd7 29. Ne2 Rg6 30. fxg5 fxg5 31. Kg4 Rf8 32. Bc1 Rf5 33. Bd2 Rg8 34. c5 Rgf8 35. a4 e5 36. b4 e4 37. a5 a6 38. Rg2 Ke6 39. Rg1 Kf6 40. Be1 Kg6 41. Bd2 Kh6 42. Rg2 Bd8 43. Be1 Rf3 44. Bf2 Kg6 45. Neg1 R3f5 1/2-1/2

[Event "ROM-ch (Women)"]
[Site "Napoca"]
[Date "2008.02.25"]
[Round "2"]
[White "Adoamnei, Roxana Antonela"]
[Black "Marin, Irina Luiza"]
[Result "0-1"]
[WhiteElo "2023"]
[BlackElo "2261"]
[PlyCount "86"]
[EventDate "2008.02.25"]
[EventType "swiss"]
[EventRounds "9"]
[EventCountry "ROU"]
[SourceTitle "CBM 123 Extra"]
[Source "ChessBase"]
[SourceDate "2008.05.06"]
[SourceVersion "1"]
[SourceVersionDate "2008.05.06"]
[SourceQuality "1"]

1. d4 Nf6 2. Nf3 g6 3. e3 Bg7 4. Bd3 d5 5. 0-0 0-0 6. Nbd2 Nbd7 7. b3 c5 8. Bb2 Qc7 9. Qe2 Re8 10. Ne5 Nxe5 11. dxe5 Ne4 12. Nxe4 dxe4 13. Bxe4 Bxe5 14. Bxe5 Qxe5 15. Bd3 Bd7 16. a4 Rad8 17. e4 Bc6 18. f4 Qd4+ 19. Kh1 e6 20. Rae1 a6 21. a5 Qb4 22. Ra1 Rd4 23. Qe1 Qxe1 24. Raxe1 Bb5 25. Rf3 Red8 26. Ree3 c4 27. bxc4 Bxc4 28. Kg1 Rc8 29. e5 Bxd3 30. Rxd3 Rxd3 31. Rxd3 Rxc2 32. Rb3 Ra2 33. Rxb7 Rxa5 34. Ra7 Ra4 35. g3 Ra2 36. Kh1 h5 37. h4 a5 38. Kg1 a4 39. Kh1 a3 40. Kg1 Kf8 41. Kh1 Ke8 42. Kg1 Kd8 43. Rxf7 Rb2 0-1

[Event "Ploiesti Conpet op"]
[Site "Ploiesti"]
[Date "2007.09.27"]
[Round "7"]
[White "Vulcan, Gheorghe"]
[Black "Adoamnei, Roxana Antonela"]
[Result "1/2-1/2"]
[WhiteElo "1828"]
[BlackElo "2023"]
[PlyCount "42"]
[EventDate "2007.09.22"]
[EventType "swiss"]
[EventRounds "9"]
[EventCountry "ROU"]
[SourceTitle "EXT 2010"]
[Source "ChessBase"]
[SourceDate "2010.11.25"]
[SourceVersion "1"]
[SourceVersionDate "2010.11.25"]
[SourceQuality "1"]

1. e4 c6 2. d4 d5 3. Nc3 dxe4 4. Nxe4 Nd7 5. Bc4 e6 6. Nf3 Ngf6 7. Nxf6+ Nxf6 8. Bg5 Be7 9. 0-0 b6 10. Qe2 a5 11. a4 0-0 12. Rfe1 Nd5 13. Bxd5 cxd5 14. Bxe7 Qxe7 15. Ne5 Ba6 16. Qe3 Rfc8 17. c3 Rc7 18. Nf3 Rac8 19. Rec1 Qe8 20. Nd2 Qc6 21. b3 h6 1/2-1/2